00856nam a2200265Ia 450000500170000000800410001702000150005804100080007310000310008124500800011225000220019230000250021449000380023965000220027765000270029965000320032670000310035870000310038926400360042033600270045633700330048333800280051604000350054408400110057920220316235535.0121119s2001 sp gr 000 f spa  a84663028751 aspa1 aTolstoi, Leónd1828-191010aFelicidad conyugalcLeón Tolstoi ; traducción de Irene y Laura Andresco aPrimera edición a187 páginasc18 cm0 aObras maestras de la novela corta14aNovela rusa2LEMB14a Literatura rusa2LEMB14aAmor en la literatura2LEMB1 aAndresco, Lauraetraductor1 aAndresco, Ireneetraductor aMadridbPunto de lectura c2001 atextobtxt2rdacontent asin mediaciónbn2rdamedia avolumenbnc2rdacarrier aCO-BoRNBPbspaerdacCO-BoRNBP aN TOL1